000 00775cam a2200193 4500
008 000000n1999 000 0 eng u
020 _a0750630744
035 _a(Sirsi) u101136
041 _aeng
100 _aColquhoun, Ian
245 _aRIBA book of 20th century British housing.
260 _aLondon
_bButterworth Heineman
_c1999
300 _a358p. ill. ; 25cm.
350 _a24.99
520 _aA key resource for practitioners in housing development and architecture, offering a guide to significant housing schemes built in Britain during this century. It follows the evolution of housing development over the past ten decades, right up to contemporary housing schemes and estate regeneration.
650 _aHOUSING
690 _aARCHITECTURE
942 _n0
999 _c100016
_d100016